01076 2200337 4500001002100000005001500021035002500036007000300061008004100064020002200105040001700127041001300144082001500157084001700172090002100189090002100210100003000231245011300261250001100374260004500385300003500430500004700465500004800512504003100560650003600591700003600627850001200663999002100675990002100696990002100717INLIS00000000003281820191002084201 a0010-121700000000091ta171222s2017 yoi g ind d a978-602-1093-37-1 aYOPDYOGbind0 aindgara04223a297.14 a297.14 Mua A aDEP 297.14 Mua A aCB-D.11 2017-9520 aMuammar M. Bakryepenulis1 aAkuntansi dasar mawaris :bmembagi harta pusaka secara syari /cMuammar M. Bakry; editor, Hj. Radhia Muammar aCet. 3 aYogyakarta :bLembaga Ladang Kata,c2017 ax, 146 hlm. :bilus. ;c21 cm. aDiterbitkan bekerjasama dengan ICATT Press aTeks dalam bahasa Indonesia dan bahasa Arab aBibliografi : hlm. 143-144 4aWaris dan pewaris (Hukum Islam)0 aRadhia MuammardHj.epenyunting aYOPDYOG aCB-D.11/2017-952 aCB-D.11/2017-952 aCB-D.11/2017-952